01625nam a2200349 a 4500001001000000003000500010005001700015008004100032010001100073011001100084040000900095090001000104100004000114245022200154260004100376500006000417502007000477502008700547590004100634590003900675590003900714650005800753650006200811700004700873856007000920901000700990942001000997942000601007999001901013952011901032952012401151000109836CHAP20220329144106.0140602s2014 mx a |sm |||||||spa|d a106298 a107270 cCHAP aTesis1 aRamírez Alcántara, Hugo912716410aMuro de protección para el control de avenidas en el margen derecho de la desembocadura del río Las Margaritas, Catemaco, Veracruzh[En línea]cpor Hugo Ramírez Alcántara y Rusbelth Aurelio Guzmán Estrada. aChapingo, Méx. :bEl autor,c2014. aPara ver el contenido del material haga clic en la liga aTesis (Ing. en Irrigación) -- UACH. Departamento de Irigación aTesis (Ing. en Restauración Forestal) -- UACH. División de Ciencias Forestales aBATCH-UPDb05c20141002lUCH01h0904 aE792CSJb05c20140602lUCH01h1036 aE792CSJb05c20140602lUCH01h103714aIngeniería hidráulicaxProyectos y planos.95825314aMuros de contenciónxDiseño y construcción.91271721 aGuzmán Estrada, Rusbelth Aurelio9127165 aFinding aiduhttp://10.13.5.2/tesis/sist109836.pdfzTeclea aquí aBK cTESIS n0 c106298d106298 00102local40718TESISaBCbBCd2014-06-02fTESISl0oTesisp33724002408941r2019-12-31 00:00:00w2014-06-02yCD 00102local40718TESISaBCbBCd2014-06-02fTESISl0oTesisp33724002408983r2019-12-31 00:00:00tc.2w2014-06-02yCD